[Event "World Rapid 2025"]
[Site "Doha QAT"]
[Date "2025.12.28"]
[Round "10.100"]
[White "Ohanyan, Emin"]
[Black "Naiditsch, Arkadij"]
[Result "0-1"]
[WhiteTitle "GM"]
[BlackTitle "GM"]
[WhiteElo "2493"]
[BlackElo "2574"]
[WhiteFideId "13312022"]
[BlackFideId "4650891"]
[EventDate "2025.12.26"]

1. d4 Nf6 2. Nf3 g6 3. g3 Bg7 4. Bg2 O-O 5. O-O d6 6. Nc3 d5 7. Re1 Bf5 8. Nh4
c6 9. Nxf5 gxf5 10. Bf4 Nbd7 11. e3 e6 12. h3 Re8 13. g4 fxg4 14. hxg4 e5 15.
dxe5 Nxe5 16. g5 Nfd7 17. Ne2 Ng6 18. c3 Nc5 19. Ng3 Ne6 20. Qg4 Qb6 21. Rab1
Nexf4 22. exf4 Rxe1+ 23. Rxe1 Qxb2 24. f5 Bxc3 25. Re3 Ne5 26. Qh4 Bd2 27. Nh5
Bxe3 28. Nf6+ Kf8 29. Nxh7+ Ke8 30. fxe3 Kd7 31. Nf6+ Kd6 32. Qf4 Ke7 33. Nh5
Rh8 34. f6+ Kd7 35. Ng3 Re8 36. Bh3+ Kc7 37. Nf5 Kb6 38. a4 Ka5 39. Bf1 Qb4 40.
Ng7 Rh8 41. Qxe5 Rh4 42. Nf5 Rg4+ 43. Ng3 Qe4 44. Qxe4 dxe4 45. Kh2 Kb4 46. Bh3
Rxg5 47. Be6 Rg6 48. Nh5 Rh6 49. Bxf7 c5 50. Kg3 c4 51. Bxc4 Kxc4 52. f7 Rh8 53.
Nf6 Rf8 54. Nd7 Rxf7 55. Ne5+ Kb4 56. Nxf7 Kxa4 57. Kf4 a5 58. Kxe4 Kb3 59. Nd6
a4 60. Kd3 a3 61. Nb5 a2 62. Nd4+ Kb2 63. Nc2 b5 64. e4 b4 65. Nxb4 a1=Q 66. Nd5
Kb3 0-1

[Event "World Rapid 2025"]
[Site "Doha QAT"]
[Date "2025.12.28"]
[Round "10.101"]
[White "Suleimen, Ergali"]
[Black "Ibarra Jerez, Jose Carlos"]
[Result "0-1"]
[WhiteTitle "IM"]
[BlackTitle "GM"]
[WhiteElo "2419"]
[BlackElo "2532"]
[WhiteFideId "13724452"]
[BlackFideId "2226332"]
[EventDate "2025.12.26"]

1. e4 e6 2. d4 d5 3. Nc3 Nf6 4. Bg5 dxe4 5. Nxe4 Bd7 6. Nf3 Bc6 7. Nxf6+ gxf6 8.
Be3 Nd7 9. Qd2 Bxf3 10. gxf3 c6 11. O-O-O Qc7 12. Be2 O-O-O 13. Kb1 Kb8 14. Rhg1
Nb6 15. c4 c5 16. Qc2 Bd6 17. h4 cxd4 18. Bxd4 Be5 19. Be3 f5 20. Rxd8+ Rxd8 21.
Rd1 Rc8 22. Rc1 Qc6 23. Qd2 Qc7 24. Qa5 Bxb2 25. Rd1 Bf6 26. f4 Qc6 27. Qb5 Nxc4
28. Bxc4 Qxc4 29. Qxc4 Rxc4 30. Rd7 Rc7 31. Bxa7+ Kc8 32. Rd3 Bxh4 33. Rh3 Bd8
34. Bb6 Rc4 35. Be3 Bc7 36. Rh4 h5 37. Kb2 b5 38. Kb3 Kd7 39. Rxh5 Bxf4 40. Ba7
Bd6 41. Rh7 Ke7 42. Rh8 Rb4+ 43. Kc2 Ra4 0-1

[Event "World Rapid 2025"]
[Site "Doha QAT"]
[Date "2025.12.28"]
[Round "10.102"]
[White "Wafa, Hamed"]
[Black "Volokitin, Andrei"]
[Result "1-0"]
[WhiteTitle "IM"]
[BlackTitle "GM"]
[WhiteElo "2373"]
[BlackElo "2619"]
[WhiteFideId "10628452"]
[BlackFideId "14107090"]
[EventDate "2025.12.26"]

1. c4 Nf6 2. g3 c6 3. Bg2 d5 4. Nf3 dxc4 5. Na3 b5 6. d3 e6 7. dxc4 Qxd1+ 8.
Kxd1 Bxa3 9. bxa3 bxc4 10. Ne5 Ba6 11. Rb1 Nd5 12. Kc2 f6 13. Nf3 c5 14. e4 Nb6
15. Be3 N8d7 16. Rhd1 Ke7 17. Nd2 Rab8 18. Bf1 Rhc8 19. f4 Bb7 20. a4 Bc6 21.
Rdc1 Bxa4+ 22. Kc3 Bc6 23. Bxc4 Nxc4 24. Kxc4 Nb6+ 25. Kd3 c4+ 26. Nxc4 Rd8+ 27.
Bd4 e5 28. fxe5 Nxc4 29. exf6+ gxf6 30. Rxb8 Rxb8 31. Kxc4 Bxe4 32. Bxa7 Rb2 33.
Ra1 Rxh2 34. a4 Rh1 35. Ra3 f5 36. a5 Rc1+ 37. Kd4 Rf1 38. Bb8 Rf3 39. Ra1 Rd3+
40. Kc4 Rd8 41. Bf4 Bd3+ 42. Kc3 Ba6 43. Bg5+ 1-0

[Event "World Rapid 2025"]
[Site "Doha QAT"]
[Date "2025.12.28"]
[Round "10.103"]
[White "Ezat, Mohamed"]
[Black "Lodici, Lorenzo"]
[Result "1/2-1/2"]
[WhiteTitle "IM"]
[BlackTitle "GM"]
[WhiteElo "2294"]
[BlackElo "2590"]
[WhiteFideId "10600906"]
[BlackFideId "884189"]
[EventDate "2025.12.26"]

1. d4 Nf6 2. c4 c5 3. d5 e6 4. Nc3 exd5 5. cxd5 d6 6. e4 g6 7. f4 Bg7 8. Bb5+
Nfd7 9. Be2 O-O 10. Nf3 Nb6 11. h3 Re8 12. O-O N8d7 13. a4 Nf6 14. a5 Nbd7 15.
Qc2 a6 16. Nd2 b5 17. axb6 Nxb6 18. Bf3 Bd7 19. Qd3 c4 20. Qc2 Bb5 21. Rd1 Nfd7
22. Nf1 Nc5 23. Be3 Nd3 24. Nxb5 axb5 25. Rxa8 Nxa8 26. b3 Nb4 27. Qe2 cxb3 28.
Qxb5 Qb8 29. Qa4 Na2 30. Ba7 Nc3 31. Bxb8 Nxa4 32. Bxd6 Nc3 33. Rd2 Nxe4 34.
Bxe4 Rxe4 35. Be5 Nb6 36. Rb2 Bxe5 37. fxe5 Nxd5 38. Rxb3 Rxe5 39. Rb5 f6 40.
Nd2 Ne7 41. Rb7 Kf7 42. Nf3 Rd5 43. Ra7 Rd6 44. Kf2 Ke6 45. Kg1 g5 46. Ra4 h5
47. Re4+ Kf7 48. Rd4 Ra6 49. Rb4 Nd5 50. Rb2 Nf4 51. Kh2 Ra3 52. Ng1 h4 53. Ne2
Nh5 54. Rc2 Kg6 55. Kg1 Ng3 56. Nxg3 hxg3 57. Rc1 Ra2 58. Rf1 Re2 59. Ra1 f5 60.
Kf1 Rf2+ 61. Kg1 Rb2 62. Kf1 f4 63. Ra6+ Kh5 64. Re6 Rb1+ 65. Re1 Rxe1+ 66. Kxe1
f3 67. Kf1 Kh4 68. Kg1 g4 69. hxg4 f2+ 70. Kf1 Kxg4 71. Ke2 Kf4 72. Kf1 Ke5 1/2-1/2

[Event "World Rapid 2025"]
[Site "Doha QAT"]
[Date "2025.12.28"]
[Round "10.104"]
[White "Stefansson, Vignir Vatnar"]
[Black "Tran, Thanh Tu"]
[Result "0-1"]
[WhiteTitle "GM"]
[BlackTitle "IM"]
[WhiteElo "2519"]
[BlackElo "2402"]
[WhiteFideId "2308649"]
[BlackFideId "12401404"]
[EventDate "2025.12.26"]

1. d4 Nf6 2. Nf3 g6 3. Nbd2 d6 4. e4 Bg7 5. Bb5+ c6 6. Bd3 O-O 7. O-O Nbd7 8.
Re1 e5 9. c3 Qc7 10. a4 b6 11. h3 Bb7 12. a5 b5 13. b4 a6 14. Nb3 Rfe8 15. dxe5
Nxe5 16. Nxe5 Rxe5 17. Bf4 Ree8 18. Qd2 Rad8 19. Rad1 Qc8 20. Bg5 c5 21. Bc2 h6
22. Bxh6 Bxh6 23. Qxh6 cxb4 24. e5 dxe5 25. Rxd8 Rxd8 26. Qg5 Qxc3 27. Rc1 e4
28. Bxe4 Qxb3 29. Qxf6 Rd1+ 30. Kh2 Rxc1 31. Bxb7 Qc3 32. Qxa6 Qe5+ 33. g3 b3
34. Qa8+ Kg7 35. a6 b2 36. Be4 Qd4 0-1

[Event "World Rapid 2025"]
[Site "Doha QAT"]
[Date "2025.12.28"]
[Round "10.105"]
[White "Tsaruk, Maksim"]
[Black "Kuandykuly, Danis"]
[Result "1-0"]
[WhiteTitle "GM"]
[BlackTitle "FM"]
[WhiteElo "2515"]
[BlackElo "2372"]
[WhiteFideId "13511173"]
[BlackFideId "13752260"]
[EventDate "2025.12.26"]

1. e4 e5 2. Nf3 Nc6 3. Bc4 Nf6 4. d3 Bc5 5. c3 d6 6. O-O a5 7. Nbd2 O-O 8. h3 h6
9. Re1 a4 10. Nf1 Ra5 11. a3 d5 12. exd5 Nxd5 13. Ng3 Be6 14. Bd2 Nf4 15. Bxf4
exf4 16. Ne4 Bxc4 17. dxc4 f5 18. Nxc5 Qxd1 19. Raxd1 Rxc5 20. Rd7 Nb8 21. Rd5
Rxc4 22. Re7 Nc6 23. Rxc7 Rf7 24. Rxf7 Kxf7 25. Rxf5+ Ke6 26. Rb5 Nd8 27. h4 Re4
28. Kf1 Kd6 29. Nd2 Kc6 30. Rf5 Re7 31. Rxf4 b5 32. c4 Rb7 33. cxb5+ Rxb5 34.
Rxa4 Rxb2 35. Nf3 Ra2 36. g3 Ne6 37. Nd4+ Nxd4 38. Rxd4 Rxa3 39. Ke2 Ra7 40. h5
Ra5 41. g4 Ra7 42. Ke3 Rf7 43. f4 Re7+ 44. Kf3 Kc5 45. Rd1 Kc6 46. g5 Ra7 47.
Kg4 Ra5 48. Rd8 Rb5 49. Rg8 Rb7 50. Kf5 Rf7+ 51. Kg6 Rxf4 52. Kxg7 hxg5 53. h6
g4 54. h7 g3 55. h8=Q g2 56. Qh6+ Kb7 57. Kh8 Rf8 58. Qxf8 1-0

[Event "World Rapid 2025"]
[Site "Doha QAT"]
[Date "2025.12.28"]
[Round "10.106"]
[White "Nurgaliyev, Sauat"]
[Black "Xiao, Tong(QD)"]
[Result "1/2-1/2"]
[WhiteTitle "IM"]
[BlackTitle "GM"]
[WhiteElo "2437"]
[BlackElo "2555"]
[WhiteFideId "13726285"]
[BlackFideId "8622388"]
[EventDate "2025.12.26"]

1. e4 e5 2. Nf3 Nc6 3. Bb5 a6 4. Ba4 Nf6 5. O-O Be7 6. d3 b5 7. Bb3 d6 8. a4 Bd7
9. c3 O-O 10. Bc2 h6 11. Re1 Re8 12. Nbd2 Bf8 13. h3 d5 14. exd5 Nxd5 15. Ne4
Rb8 16. axb5 axb5 17. Bd2 Kh8 18. Bb3 Be6 19. Ra6 Rb6 20. Rxb6 Nxb6 21. Bxe6
Rxe6 22. Nfg5 Re7 23. Qh5 Kg8 24. Re3 g6 25. Rg3 Bg7 26. Nf6+ Bxf6 27. Qxh6 Bxg5
28. Bxg5 Qf8 29. Qh4 Nd7 30. Bxe7 Nxe7 31. Qg4 Qc8 32. h4 Nf6 33. Qg5 Qf5 34. h5
Qxg5 35. Rxg5 Nd7 36. hxg6 Nxg6 37. d4 exd4 38. Rxb5 dxc3 39. bxc3 c5 40. Rb7
Nde5 41. Rc7 Nd3 42. g3 Nge5 43. Kf1 Nc4 44. Ke2 Ncb2 45. f4 Kg7 46. Kd2 c4 47.
Kc2 Kf6 48. g4 Ke6 49. g5 Na4 50. Rxc4 Ndc5 51. Kd2 Kd5 52. Rd4+ Ke6 53. Rb4 Kf5
54. Ke3 Nxc3 55. Rc4 N5e4 56. Rd4 Ng3 57. Kf3 Nge4 58. Ke3 Nc5 59. Rc4 N5e4 60.
Rd4 1/2-1/2

[Event "World Rapid 2025"]
[Site "Doha QAT"]
[Date "2025.12.28"]
[Round "10.107"]
[White "Salinas Herrera, Pablo"]
[Black "Harikrishnan, A. Ra"]
[Result "0-1"]
[WhiteTitle "GM"]
[BlackTitle "GM"]
[WhiteElo "2473"]
[BlackElo "2531"]
[WhiteFideId "3407128"]
[BlackFideId "5081483"]
[EventDate "2025.12.26"]

1. e4 e6 2. d4 d5 3. exd5 exd5 4. Nf3 Bd6 5. Bd3 Ne7 6. O-O O-O 7. Re1 c6 8. c4
dxc4 9. Bxc4 Bg4 10. Nc3 Nd7 11. Bg5 Nb6 12. Bb3 h6 13. Bh4 Qd7 14. Bxe7 Bxf3
15. Qxf3 Bxe7 16. Rad1 Bb4 17. Re4 Rae8 18. Rde1 Rxe4 19. Rxe4 Bxc3 20. bxc3 Nd5
21. h3 Nf6 22. Re5 Re8 23. Qe3 Kf8 24. f4 Nd5 25. Qf3 Nf6 26. Kh2 Qd6 27. Qe3
Re7 28. Qd3 g6 29. Qe3 Nd7 30. Kh1 Nxe5 31. fxe5 g5 32. Qf2 Qa3 33. Qc2 Ke8 34.
Kh2 Kd8 35. Qd2 f6 36. Qf2 fxe5 37. Qf8+ Kc7 38. dxe5 Qc5 39. e6 Qd6+ 40. Kh1
Rxe6 41. Qf2 Rf6 42. Qe2 a6 43. c4 Re6 44. Qf2 Qe7 45. Qg3+ Kc8 46. Qg4 Kb8 0-1

[Event "World Rapid 2025"]
[Site "Doha QAT"]
[Date "2025.12.28"]
[Round "10.108"]
[White "Dau Khuong Duy"]
[Black "Suleymenov, Alisher"]
[Result "1-0"]
[WhiteTitle "IM"]
[BlackTitle "GM"]
[WhiteElo "2489"]
[BlackElo "2505"]
[WhiteFideId "12424722"]
[BlackFideId "13707833"]
[EventDate "2025.12.26"]

1. e4 e5 2. Nf3 Nf6 3. Nxe5 d6 4. Nf3 Nxe4 5. d3 Nf6 6. c4 d5 7. cxd5 Bb4+ 8.
Bd2 Bxd2+ 9. Qxd2 O-O 10. Be2 Nxd5 11. Nc3 Nc6 12. O-O Bg4 13. h3 Bh5 14. d4 Qd6
15. Nxd5 Qxd5 16. Rac1 Rad8 17. Bc4 Qd6 18. g4 Bg6 19. d5 Ne7 20. Rfe1 h6 21.
Rcd1 Bh7 22. Ne5 Ng6 23. Nxg6 Bxg6 24. Qe3 a6 25. Bf1 Bc2 26. Rc1 Ba4 27. Bg2
Rfe8 28. Qd4 Bd7 29. Qc3 Rxe1+ 30. Rxe1 Re8 31. Rxe8+ Bxe8 32. Qe3 Kf8 33. a3 a5
34. f4 b6 35. Kf2 Bd7 36. g5 Bc8 37. h4 Bb7 38. Qe5 Qc5+ 39. Kg3 hxg5 40. fxg5
Bc8 41. h5 Kg8 42. h6 Qd6 43. Qxd6 cxd6 44. Kf4 Bd7 45. Be4 Bb5 46. h7+ Kh8 47.
g6 Be8 48. Kg5 fxg6 49. Bxg6 Bxg6 50. Kxg6 a4 51. Kf5 Kxh7 52. Ke6 g5 53. Kxd6
g4 54. Kc7 g3 55. d6 g2 56. d7 g1=Q 57. d8=Q Qh2+ 58. Kb7 Qg2+ 59. Ka7 Qxb2 60.
Qh4+ Kg8 61. Qxa4 Kf7 62. Qb4 Qa2 63. Kxb6 Qe6+ 64. Ka7 Qe3+ 65. Ka8 Ke8 66. Qd6
Qf3+ 67. Ka7 Qe3+ 68. Kb7 Qb3+ 69. Kc7 Kf7 70. Qd7+ Kg8 71. a4 Qc3+ 72. Qc6 Qa5+
73. Kc8 Qf5+ 74. Kb7 Qf7+ 75. Kb6 Qb3+ 76. Ka7 Qb4 77. Qc8+ Kf7 78. Qb7+ 1-0

[Event "World Rapid 2025"]
[Site "Doha QAT"]
[Date "2025.12.28"]
[Round "10.77"]
[White "Ashwath Kaushik"]
[Black "Nainys, Zanas"]
[Result "1-0"]
[WhiteTitle "FM"]
[WhiteElo "2345"]
[BlackElo "2307"]
[WhiteFideId "33387230"]
[BlackFideId "12844098"]
[EventDate "2025.12.26"]

1. d4 d5 2. c4 e6 3. Nf3 Nf6 4. g3 c5 5. cxd5 cxd4 6. dxe6 Bxe6 7. Bg2 Nc6 8.
O-O Bc5 9. Bg5 h6 10. Bxf6 Qxf6 11. Nbd2 Bb6 12. b3 O-O 13. Rc1 Rad8 14. Ne1 Nb4
15. Ne4 Qe7 16. a4 f5 17. Nd2 Na2 18. Nc4 Nxc1 19. Qxc1 Qb4 20. Qc2 Qc3 21. Qd1
Bxc4 22. bxc4 Qxc4 23. Nd3 Rfe8 24. Bxb7 Ba5 25. Bf3 Rb8 26. Nf4 Re5 27. Ng6 Rc5
28. e4 dxe3 29. fxe3 Kh7 30. Nf4 Re5 31. Qd6 Qc7 32. Qg6+ Kh8 33. Qh5 Bb6 34.
Ng6+ Kh7 35. Nxe5 Qxe5 36. Qf7 Bxe3+ 37. Kg2 Rb2+ 38. Kh3 Rb6 39. Bd5 Rf6 40.
Qg8+ Kg6 41. Bf3 Bc5 42. Bh5+ Kxh5 43. Qxg7 Qe4 44. Rxf5+ Rxf5 45. g4+ 1-0

[Event "World Rapid 2025"]
[Site "Doha QAT"]
[Date "2025.12.28"]
[Round "10.78"]
[White "Smirnov, Mark"]
[Black "Altini, Nicola"]
[Result "1-0"]
[WhiteTitle "FM"]
[BlackTitle "IM"]
[WhiteElo "2420"]
[BlackElo "2360"]
[WhiteFideId "13764594"]
[BlackFideId "833924"]
[EventDate "2025.12.26"]

1. e4 e5 2. Bc4 Nf6 3. d3 c6 4. Nf3 d5 5. Bb3 Bb4+ 6. Bd2 Bxd2+ 7. Nbxd2 Nbd7 8.
O-O O-O 9. Re1 d4 10. c3 dxc3 11. bxc3 Nc5 12. Nxe5 Nxd3 13. Nxd3 Qxd3 14. e5
Ng4 15. h3 Nh6 16. Ne4 Qxd1 17. Raxd1 a5 18. Nc5 b6 19. Na4 b5 20. Nb6 Rb8 21.
Nxc8 Rfxc8 22. e6 a4 23. exf7+ Kf8 24. Be6 Rc7 25. Rd7 Rxd7 26. Bxd7 Nxf7 27.
Bxc6 Nd6 28. Re6 Rd8 29. Kf1 a3 30. Ke1 g5 31. Re5 Rc8 32. Bxb5 Rxc3 33. Ba4
Rc1+ 34. Kd2 Rb1 35. Bb3 h6 36. Ra5 Rb2+ 37. Ke3 Ke7 38. g4 Rb1 39. Rxa3 Rh1 40.
Ra7+ Kf6 41. f3 Rxh3 42. Ra6 Ke5 43. Ra5+ Kf6 44. Rd5 Ke7 45. a4 Rh1 46. Rd1 Rh2
47. Rd2 Rh1 48. Ra2 h5 49. gxh5 Rxh5 50. a5 Nb5 51. a6 g4 52. a7 Nxa7 53. Rxa7+
Kd6 54. Ra6+ Ke7 55. Re6+ Kd7 56. fxg4 Rh3+ 57. Kf4 Rxb3 58. Re4 Rb8 59. Kf5
Rf8+ 60. Kg6 Rg8+ 61. Kf7 Rg5 62. Rd4+ Kc6 63. Kf6 Rg8 64. g5 Kc5 65. Rd1 Kc6
66. g6 1-0

[Event "World Rapid 2025"]
[Site "Doha QAT"]
[Date "2025.12.28"]
[Round "10.79"]
[White "Grafl, Florian"]
[Black "Berend, Fred"]
[Result "1-0"]
[WhiteTitle "IM"]
[BlackTitle "IM"]
[WhiteElo "2343"]
[BlackElo "2213"]
[WhiteFideId "4645715"]
[BlackFideId "4000102"]
[EventDate "2025.12.26"]

1. e4 c5 2. Nc3 Nc6 3. Bb5 Nd4 4. Bc4 e6 5. Nge2 Nf6 6. O-O a6 7. d3 b5 8. Bb3
Nxb3 9. axb3 Bb7 10. f4 Be7 11. e5 Nd5 12. Nxd5 Bxd5 13. c4 Bb7 14. Nc3 Qb6 15.
Be3 O-O 16. Ne4 Rfd8 17. Qg4 Bxe4 18. dxe4 d6 19. f5 exf5 20. Qxf5 Rf8 21. e6 f6
22. Qg4 Kh8 23. Rf3 Rfb8 24. Rh3 Qd8 25. Rf1 Qg8 26. Rff3 bxc4 27. Rxh7+ Qxh7
28. Rh3 Qxh3 29. Qxh3+ Kg8 30. Qh5 Ra7 31. Qf7+ Kh7 32. bxc4 Rxb2 33. h4 Re2 34.
Qh5+ 1-0

[Event "World Rapid 2025"]
[Site "Doha QAT"]
[Date "2025.12.28"]
[Round "10.80"]
[White "Gaehwiler, Gabriel"]
[Black "Abdilkhair, Abilmansur"]
[Result "1-0"]
[WhiteTitle "IM"]
[BlackTitle "IM"]
[WhiteElo "2382"]
[BlackElo "2378"]
[WhiteFideId "1314530"]
[BlackFideId "13716417"]
[EventDate "2025.12.26"]

1. Nf3 Nf6 2. c4 g6 3. Nc3 d5 4. cxd5 Nxd5 5. h4 Bg7 6. e4 Nxc3 7. dxc3 Qxd1+ 8.
Kxd1 f6 9. h5 g5 10. Nd4 e5 11. Nf5 Bxf5 12. exf5 Bf8 13. Be3 Nc6 14. Bc4 h6 15.
Be6 a5 16. Kc2 Bd6 17. Rhd1 Ke7 18. Bd5 Ra6 19. Bc4 Raa8 20. Bb5 Nb8 21. Rd2 Na6
22. Rad1 Rhd8 23. a3 b6 24. Rd5 c5 25. Bxa6 Rxa6 26. a4 c4 27. b3 cxb3+ 28. Kxb3
Bc7 29. Kc4 Raa8 30. Kb5 Rab8 31. Kc6 Bd6 32. c4 b5 33. Bb6 Rdc8+ 34. Kxb5 Bc7
35. Rd7+ Ke8 36. c5 Bxb6 37. cxb6 Rc2 38. R7d2 Rc3 39. Rb2 Ke7 40. Kxa5 Rc5+ 41.
Rb5 Ra8+ 42. Kb4 Rc2 43. Kb3 Rc6 44. a5 Rb8 45. Rdd5 Rbc8 46. Rd3 Rc1 47. Ka2
R8c2+ 48. Rb2 Rc8 49. b7 Rb8 50. a6 Rc6 51. a7 Ra6+ 52. Ra3 Rxa7 53. Rxa7 Kd6
54. Ra8 e4 55. Rxb8 Ke5 56. Re8+ Kxf5 57. b8=Q Kg4 58. Qg3+ Kxh5 59. Rg8 g4 60.
Qh2# 1-0

[Event "World Rapid 2025"]
[Site "Doha QAT"]
[Date "2025.12.28"]
[Round "10.81"]
[White "Ammar, Sedrani"]
[Black "Cunha, Lucas Aguiar"]
[Result "0-1"]
[WhiteTitle "FM"]
[BlackTitle "FM"]
[WhiteElo "2203"]
[BlackElo "2263"]
[WhiteFideId "9312331"]
[BlackFideId "2125404"]
[EventDate "2025.12.26"]

1. e4 c5 2. Nf3 e6 3. d4 cxd4 4. Nxd4 Nc6 5. Nc3 Qc7 6. Be3 a6 7. Qd2 Nf6 8. a3
Be7 9. Be2 O-O 10. O-O d6 11. f4 Nxd4 12. Bxd4 e5 13. Be3 exf4 14. Bxf4 Be6 15.
Kh1 Rac8 16. Rad1 Rfd8 17. Bf3 Qb6 18. Qc1 Nd7 19. Nd5 Bxd5 20. Rxd5 Ne5 21. Be3
Qc6 22. c3 Bf6 23. Qd1 Nc4 24. Bc1 Be5 25. Bg4 Rb8 26. Qe2 b5 27. Be3 Re8 28.
Rfd1 Nxe3 29. Qxe3 a5 30. Qa7 Qc4 31. Qxa5 b4 32. Bf3 bxc3 33. bxc3 Bxc3 34. Qa7
Be5 35. Qd7 g6 36. a4 Ra8 37. a5 Reb8 38. h4 h5 39. Qe7 Qc3 40. Qg5 Kg7 41. R5d3
Qxa5 42. Bxh5 Rh8 43. Bf3 Qd8 44. Qxd8 Raxd8 45. h5 gxh5 46. Kg1 Rb8 47. Kf2
Rb2+ 48. R3d2 Rb4 49. Rc2 Rb3 50. Ke2 h4 51. Rd3 Rb4 52. Rd1 h3 53. Rh1 h2 54.
g3 Bxg3 55. Kf1 Be5 56. Kg2 Kf6 57. Rf2 Rg8+ 58. Kh3 Ke7 59. Rg2 Rh8+ 60. Kg4
Kf6 61. Rf2 Rg8+ 62. Kh5 Rg5+ 63. Kh6 Rg6+ 64. Kh5 Rb8 65. Be2+ 0-1

[Event "World Rapid 2025"]
[Site "Doha QAT"]
[Date "2025.12.28"]
[Round "10.82"]
[White "Fandi, Mazen"]
[Black "Assylov, Miras"]
[Result "1-0"]
[WhiteTitle "FM"]
[BlackTitle "FM"]
[WhiteElo "2304"]
[BlackElo "2393"]
[WhiteFideId "7611625"]
[BlackFideId "13728873"]
[EventDate "2025.12.26"]

1. e4 c5 2. Nf3 Nc6 3. d4 cxd4 4. Nxd4 Qb6 5. Nb3 e6 6. Be3 Qc7 7. Bd3 a6 8. O-O
Nf6 9. f4 d6 10. c4 Nb4 11. Nc3 Nxd3 12. Qxd3 Be7 13. h3 Bd7 14. Rac1 Rc8 15.
Nd2 O-O 16. b3 Rfd8 17. Nf3 Qa5 18. Nd4 Bf8 19. a4 Re8 20. Nf3 Red8 21. Kh2 Qb4
22. Nd4 e5 23. Nf3 Qxb3 24. Nd2 Qb4 25. Rb1 Qa3 26. Rb3 Qxb3 27. Nxb3 Be6 28.
Nd5 Nd7 29. f5 Bxd5 30. cxd5 Be7 31. Rc1 Rxc1 32. Bxc1 Rc8 33. Be3 Bd8 34. Nd2
Nc5 35. Bxc5 Rxc5 36. Nc4 Bc7 37. Qb3 b5 38. axb5 axb5 39. Na3 h6 40. Nxb5 Bb8
41. Nd4 Bc7 42. Nc6 1-0

[Event "World Rapid 2025"]
[Site "Doha QAT"]
[Date "2025.12.28"]
[Round "10.83"]
[White "Sharan, Rao"]
[Black "Harshavardhan, G B"]
[Result "0-1"]
[WhiteTitle "IM"]
[BlackTitle "IM"]
[WhiteElo "2341"]
[BlackElo "2477"]
[WhiteFideId "5073464"]
[BlackFideId "25059009"]
[EventDate "2025.12.26"]

1. d4 Nf6 2. Nf3 e6 3. b3 c5 4. Bb2 cxd4 5. Nxd4 d5 6. e3 Bd6 7. Be2 O-O 8. O-O
a6 9. Nd2 Qe7 10. c4 e5 11. N4f3 e4 12. Ne1 dxc4 13. Nxc4 Bc5 14. Bd4 Bxd4 15.
Qxd4 Nc6 16. Qb2 Bg4 17. Bxg4 Nxg4 18. h3 Nge5 19. Nxe5 Nxe5 20. Rd1 Rac8 21.
Rd5 Rfe8 22. Qb1 Qh4 23. Qb2 f6 24. Qd4 h6 25. f4 Nc6 26. Qd2 Red8 27. Kh2 Qh5
28. Rxd8+ Rxd8 29. Qc2 Qd5 30. Rf2 f5 31. a3 Kh7 32. b4 a5 33. Qc3 axb4 34. axb4
Qb5 35. Rb2 Rd1 36. Nc2 Ne7 37. Qc5 Qf1 38. Na3 Nd5 39. Nc4 b5 40. Qc8 Qg1+ 41.
Kg3 Ne7 42. Qc5 bxc4 43. Ra2 Nd5 44. Ra3 Qe1+ 45. Kh2 Qxb4 46. Qa7 Qe7 47. Qa4
Rd3 48. Ra1 Nxe3 49. Rb1 c3 50. Rb8 Rd8 51. Rb3 c2 0-1

[Event "World Rapid 2025"]
[Site "Doha QAT"]
[Date "2025.12.28"]
[Round "10.84"]
[White "Chekh Adm Khedr, Aram"]
[Black "Musovic, Armin"]
[Result "1-0"]
[WhiteTitle "FM"]
[BlackTitle "FM"]
[WhiteElo "2139"]
[BlackElo "2190"]
[WhiteFideId "7601948"]
[BlackFideId "939935"]
[EventDate "2025.12.26"]

1. e4 c5 2. Ne2 g6 3. g3 h5 4. h3 Bg7 5. c3 Nc6 6. d4 cxd4 7. cxd4 d5 8. e5 e6
9. Nbc3 a6 10. Bg2 Nge7 11. Bg5 Qb6 12. O-O Nf5 13. Na4 Qa7 14. Be3 Bd7 15. Rc1
b6 16. Nf4 Nfe7 17. b3 Bf8 18. h4 Bh6 19. Qd2 Bxf4 20. Bxf4 Nf5 21. Be3 Nce7 22.
Nc3 Rc8 23. Bg5 b5 24. Bf6 Qxd4 25. Qxd4 Nxd4 26. Bxh8 Rxc3 27. Rxc3 Ne2+ 28.
Kh2 Nxc3 29. Rc1 d4 30. Bf6 Ned5 31. Bxd5 exd5 32. e6 fxe6 33. Bxd4 Nxa2 34. Ra1
Nb4 35. Bc3 Nc6 36. Rxa6 d4 37. Bd2 d3 38. Be3 Ne5 39. Kg2 Bc6+ 40. Kf1 Bd5 41.
Rb6 Bxb3 42. Rxb5 Bc4 43. Rb8+ Kd7 44. Ke1 Nf3+ 45. Kd1 e5 46. Rb6 Be6 47. Bc5
Bf5 48. Be3 Kc7 49. Rf6 Be4 50. Kc1 Kd7 51. Ra6 Bf5 52. Kb2 Nh2 53. Kc3 Ng4 54.
Bc5 e4 55. Bd4 Nh2 56. Be3 Nf3 57. Bf4 Ke7 58. Ra2 Be6 59. Ra7+ Ke8 60. Ra4 Bf5
61. Ra6 Ke7 62. Ra7+ Ke8 63. Kb4 Nd4 64. Kc4 Nc6 65. Rc7 Bd7 66. Kc5 Ne7 67. Kd4
Bc6 68. Bg5 Nf5+ 69. Kc3 Bd5 70. Rc5 Bb7 71. Rc7 Bd5 72. Ra7 Bc6 73. Rc7 Bd5 74.
Rc5 Bb7 75. Ra5 Bc6 76. Ra7 Bd5 77. Rc7 Be6 78. Rc5 Kd7 79. Ra5 Kc6 80. Ra6+ Kd5
81. Bf4 Bf7 82. Rf6 Be8 83. Kd2 Nd4 84. Rd6+ Kc4 85. Rd8 Ba4 86. Rc8+ Bc6 87.
Bh6 Nb3+ 88. Ke3 Kd5 89. Rd8+ Ke6 90. Rb8 Bd5 91. Rb6+ Kf7 92. Bg5 Kg7 93. Rd6
d2 1-0

[Event "World Rapid 2025"]
[Site "Doha QAT"]
[Date "2025.12.28"]
[Round "10.109"]
[White "Tissir, Mohamed"]
[Black "Phuyal, Aashish"]
[Result "1-0"]
[WhiteTitle "IM"]
[WhiteElo "2293"]
[BlackElo "1955"]
[WhiteFideId "9000240"]
[BlackFideId "12312649"]
[EventDate "2025.12.26"]

1. e4 e5 2. Nf3 Nc6 3. Bc4 Be7 4. c3 Nf6 5. d3 d6 6. Bb3 O-O 7. Nbd2 Na5 8. Bc2
c5 9. Nf1 Nc6 10. Ng3 d5 11. Qe2 d4 12. h3 Ne8 13. O-O Nd6 14. Re1 Be6 15. Bd2
a5 16. cxd4 cxd4 17. Rec1 Ra6 18. Ba4 f6 19. Qd1 Rb6 20. b3 Ra6 21. Bxc6 bxc6
22. Nh4 Nb5 23. Nhf5 g6 24. Nxe7+ Qxe7 25. Qe1 Rfa8 26. f4 a4 27. b4 exf4 28.
Bxf4 Nc3 29. a3 c5 30. bxc5 Qxc5 31. Bd2 Rc8 32. Qf2 Bb3 33. Kh1 Rac6 34. Qf3
Qe7 35. Rf1 Nb5 36. Bb4 Qe5 37. Rae1 Kg7 38. Qg4 Be6 39. Qh4 Qg5 40. Qxg5 fxg5
41. Ne2 Rc2 42. Be7 h6 43. Bf6+ Kg8 44. Nxd4 Nxd4 45. Bxd4 Rd8 46. Be5 Rxd3 47.
Rf6 Bf7 48. Ref1 Rd7 49. Ra6 Rc8 50. Rxa4 Re8 51. Bf6 Be6 52. Kh2 g4 53. hxg4
Bxg4 54. e5 Bf5 55. Rf2 h5 56. Ra6 Kf7 57. a4 h4 58. Bxh4 Rd4 59. Bf6 Rc8 60.
Ra7+ Ke6 61. a5 Ra4 62. Rd2 Be4 63. g4 Re8 64. Rd6# 1-0

[Event "World Rapid 2025"]
[Site "Doha QAT"]
[Date "2025.12.28"]
[Round "10.110"]
[White "Medhus, Vitus Bondo"]
[Black "Dinham, James"]
[Result "1-0"]
[WhiteTitle "FM"]
[WhiteElo "2387"]
[BlackElo "2091"]
[WhiteFideId "1462547"]
[BlackFideId "14327023"]
[EventDate "2025.12.26"]

1. e4 c5 2. Nc3 Nc6 3. Nge2 g6 4. d4 cxd4 5. Nxd4 Bg7 6. Be3 Nf6 7. Bc4 O-O 8.
Bb3 d6 9. f3 Bd7 10. Qd2 Rc8 11. O-O-O Na5 12. Kb1 Nc4 13. Bxc4 Rxc4 14. g4 b5 1-0

[Event "World Rapid 2025"]
[Site "Doha QAT"]
[Date "2025.12.28"]
[Round "10.111"]
[White "Rami, Talab"]
[Black "Muntean, Victor"]
[Result "1-0"]
[WhiteElo "2173"]
[BlackElo "2169"]
[WhiteFideId "7609787"]
[BlackFideId "1054414"]
[EventDate "2025.12.26"]

1. d4 Nf6 2. Nf3 b6 3. g3 Bb7 4. Bg2 c5 5. O-O cxd4 6. Qxd4 Nc6 7. Qf4 e6 8. c4
d5 9. Nc3 Bd6 10. Qh4 dxc4 11. Rd1 Qe7 12. Bg5 Ne5 13. Bxf6 gxf6 14. Rxd6 Bxf3
15. exf3 Qxd6 16. Rd1 Qe7 17. f4 Ng6 18. Bc6+ Kf8 19. Qh6+ Kg8 20. Bxa8 Qf8 21.
Qxf8+ Nxf8 22. Bb7 Kg7 23. Ba6 Ng6 24. Rd7 f5 25. Bxc4 Kf6 26. Rxa7 Rd8 27. Rb7
Rd6 28. a4 Nf8 29. Bb5 Ng6 30. Rd7 1-0